| 000 | 00862nam a2200253Ia 4500 | ||
|---|---|---|---|
| 999 |
_c5311 _d5311 |
||
| 003 | OSt | ||
| 005 | 20200527230054.0 | ||
| 008 | 191128s9999 xx 000 0 und d | ||
| 040 |
_aCO-JMCR _cCO-JMCR |
||
| 041 | 1 |
_aspa _hyo |
|
| 082 | 0 | 4 |
_a330 / _bW373c _223 |
| 100 | 1 |
_aWeber, Adolf, _eautor _94793 |
|
| 245 | 1 | 0 |
_aCompendio de economía política / _cAdolf Weber ; traducción José M.a Mas Esteve |
| 250 | _aSegunda edición | ||
| 260 |
_aBarcelona : _bLabor, _c1960 |
||
| 300 |
_axx, 266 páginas ; _c22 cm. |
||
| 505 | 0 | _aLos factores económicas de la producción --La interconexión de las economías individuales | |
| 534 | _pKurzgefasste volkswirtschaftslehre | ||
| 546 | _aTraducido del alemán | ||
| 650 | 1 | 4 |
_aEconomía _94794 |
| 650 | 1 | 4 |
_aEconomía política _94795 |
| 700 | 1 |
_aMas Esteve, José M.a, _etraductor _94796 |
|
| 942 |
_2ddc _cBK |
||